Kannaḍa santara paramārtha patha. (Record no. 66348)

MARC details
000 -LEADER
fixed length control field 00843cam a22002771 4500
001 - CONTROL NUMBER
control field sa 65009676
003 - CONTROL NUMBER IDENTIFIER
control field DLC
005 - DATE AND TIME OF LATEST TRANSACTION
control field 20260227112203.0
008 - FIXED-LENGTH DATA ELEMENTS--GENERAL INFORMATION
fixed length control field 900117s1962 ii b 000 0 kano
010 ## - LIBRARY OF CONGRESS CONTROL NUMBER
LC control number sa 65009676
035 ## - SYSTEM CONTROL NUMBER
System control number (OCoLC)20915741
040 ## - CATALOGING SOURCE
Original cataloging agency DLC
Transcribing agency WaU
Modifying agency DLC
042 ## - AUTHENTICATION CODE
Authentication code premarc
043 ## - GEOGRAPHIC AREA CODE
Geographic area code a-ii---
050 00 - LIBRARY OF CONGRESS CALL NUMBER
Classification number BL1215.M9
Item number R316 1962
100 1# - MAIN ENTRY--PERSONAL NAME
Personal name Ranade, R. D.
Fuller form of name (Ramchandra Dattatraya).
245 10 - TITLE STATEMENT
Title Kannaḍa santara paramārtha patha.
Remainder of title Pathway to God in Kannada literature.
260 ## - PUBLICATION, DISTRIBUTION, ETC.
Date of publication, distribution, etc. 1962.
300 ## - PHYSICAL DESCRIPTION
Extent xvi, 308 p.
Dimensions 23 cm.
500 ## - GENERAL NOTE
General note In Kannada.
504 ## - BIBLIOGRAPHY, ETC. NOTE
Bibliography, etc. note Bibliography: p. [292]-293.
650 #0 - SUBJECT ADDED ENTRY--TOPICAL TERM
Topical term or geographic name entry element Mysticism
General subdivision Hinduism.
650 #0 - SUBJECT ADDED ENTRY--TOPICAL TERM
Topical term or geographic name entry element Kannada literature
General subdivision History and criticism.
700 1# - ADDED ENTRY--PERSONAL NAME
Personal name Deshpande, M. S.
Fuller form of name (Manohar Srinivas),
Dates associated with a name 1899-
740 0# - ADDED ENTRY--UNCONTROLLED RELATED/ANALYTICAL TITLE
Uncontrolled related/analytical title Pathway to God in Kannada literature.

No items available.

Powered by Koha